The poems of Algernon Charles Swinburne ...

Saved in:
Bibliographic Details
Main Author: Swinburne, Algernon Charles, 1837-1909
Format: Book
Language:English
Published: London : Chatto & Windus, 1904.
LEADER 02086nam a2200349 a 4500
001 c000370409
003 CARM
005 00000000000000.0
008 851211s1904 enk 00000 eng d
019 1 |a 4179666  |z 27046369  |5 LACONCORD2021 
035 |a (OCoLC)646152  |5 LACONCORD2021 
050 0 0 |a PR5505 
100 1 |a Swinburne, Algernon Charles,  |d 1837-1909. 
245 0 4 |a The poems of Algernon Charles Swinburne ... 
260 |a London :  |b Chatto & Windus,  |c 1904. 
300 |a 6 v. :  |b front. (v. 6, port.) ;  |c 19 1/2 cm. 
500 |a Title in red and black. 
505 0 |a Contents.--I. Poems and ballads. First series.--II. Songs before sunrise and Songs of two nations.--III. Poems and ballads. Second and third series and Songs of the springtides.--IV. Tristram of Lyonesse. The tale of Balen. Atalanta in Calydon. Erechtheus.--V. Studies in song. A century of roundels. Sonnets on English dramatic poets. The heptalogia, etc.--VI. A midsummer holiday. Astrophel. A Channel passage and other poems. 
852 8 |b CARM  |h A1:AM22B0  |i B09557  |p 0432892  |f BK 
852 8 |b CARM  |h A1:AM22B0  |i B09557  |p 0432891  |f BK 
852 8 |b CARM  |h A1:AM22B0  |i B09557  |p 0432890  |f BK 
852 8 |b CARM  |h A1:AM32C0  |i B09696  |p 0438971  |f BK 
852 8 |b CARM  |h A1:AM22B0  |i B09557  |p 0432889  |f BK 
852 8 |b CARM  |h A1:AM36G0  |i A05144  |p 0442537  |f BK 
082 0 4 |a 821.86 
999 f f |i e0aa8b81-6ae8-552a-89e0-037f8465270c  |s 0a10719b-0817-57fc-af6f-7963be60b0f7 
952 f f |p Can circulate  |a CAVAL  |b CAVAL  |c CAVAL  |d CARM 1 Store  |e B09557  |f A1:AM22B0  |h Other scheme  |i book  |m 0432890 
952 f f |p Can circulate  |a CAVAL  |b CAVAL  |c CAVAL  |d CARM 1 Store  |e B09557  |f A1:AM22B0  |h Other scheme  |i book  |m 0432889 
952 f f |p Can circulate  |a CAVAL  |b CAVAL  |c CAVAL  |d CARM 1 Store  |e A05144  |f A1:AM36G0  |h Other scheme  |i book  |m 0442537 
952 f f |p Can circulate  |a CAVAL  |b CAVAL  |c CAVAL  |d CARM 1 Store  |e B09557  |f A1:AM22B0  |h Other scheme  |i book  |m 0432891 
952 f f |p Can circulate  |a CAVAL  |b CAVAL  |c CAVAL  |d CARM 1 Store  |e B09557  |f A1:AM22B0  |h Other scheme  |i book  |m 0432892 
952 f f |p Can circulate  |a CAVAL  |b CAVAL  |c CAVAL  |d CARM 1 Store  |e B09696  |f A1:AM32C0  |h Other scheme  |i book  |m 0438971